| 000 | 01800cam a22003734a 4500 | ||
|---|---|---|---|
| 001 | 5435794 | ||
| 003 | ARRUPE | ||
| 005 | 20150220020008.0 | ||
| 006 | m u | ||
| 007 | cr cn||||||||| | ||
| 008 | 020625s2003 enk s 001 0 eng | ||
| 010 | _z 2002009845 | ||
| 020 | _z0195152778 | ||
| 035 | _a(CaPaEBR)ebr10085208 | ||
| 035 | _a(NNC)5435794 | ||
| 040 |
_aCaPaEBR _cCaPaEBR |
||
| 043 | _an-us--- | ||
| 050 | 1 | 4 |
_aPN4888.O25 _bJ36 2002 |
| 100 | 1 |
_aJamieson, Kathleen Hall. _94232 |
|
| 245 | 1 | 4 |
_aThe press effect : politicians, journalists, and the stories that shape the political world _h[electronic resource] / _cKathleen Hall Jamieson & Paul Waldman. |
| 260 |
_aOxford ; _aNew York : _bOxford University Press, _c2003. |
||
| 300 |
_axvii, 220 p. ; _c25 cm. |
||
| 500 | _aIncludes bibliographical references and index. | ||
| 505 | 8 | _aMachine generated contents note: CHAPTER 1 : The Press as Storyteller 1 -- CHAPTER 2 : The Press as Amateur Psychologist, Part I 24 -- CHAPTER 3 : The Press as Amateur Psychologist, Part II 41 -- CHAPTER 4 : The Press as Soothsayer 74 -- CHAPTER 5 : The Press as Shaper of Events 95 CHAPTER 6 : The Press as Patriot 130 CHAPTER 7 : The Press as Custodian of Fact 165. | |
| 533 |
_aElectronic reproduction. _bPalo Alto, Calif. : _cebrary, _d2005. _nAvailable via World Wide Web. _nAccess may be limited to ebrary affiliated libraries. |
||
| 650 | 0 |
_aJournalism _xObjectivity _zUnited States. _94233 |
|
| 651 | 0 |
_aUnited States _xPolitics and government _y1993-2001. _94234 |
|
| 655 | 7 |
_aElectronic books. _2local _94235 |
|
| 700 | 1 |
_aWaldman, Paul. _94236 |
|
| 710 | 2 |
_aebrary, Inc. _94237 |
|
| 856 | 4 | 0 |
_uhttp://www.columbia.edu/cgi-bin/cul/resolve?clio5435794 _zClick here for full text. |
| 942 |
_2lcc _cMONOGRAPH _01 |
||
| 999 |
_c118786 _d118786 |
||